000 02410nam0a2200385 4500
001 RU\NLR\BIBL_A\022267098
005 20260420011537.0
010 _a978-5-600-03936-0
_970
021 _aRU
_bКН-П-24-027884
_9КН-П-24-2849
035 _a(NLR Aleph) 022267098
090 _a13659804
_c13659804
100 _a20240701d2024 u y0rusy50 ca
101 0 _arus
102 _aRU
105 _aa|||j|||100yy
181 0 _ai3
_baxxe
182 0 _an
200 1 _aЗадачи и вопросы по спектроскопическим методам анализа
_eметодическое пособие
_fА. Г. Борзенко, А. В. Гармаш, С. Ю. Ланская [и др.]
_gответственный редактор: профессор РАН М. А. Проскурнин
_gФедеральное государственное бюджетное образовательное учреждение высшего образования "Московский государственный университет имени М. В. Ломоносова", Химический факультет, Кафедра аналитической химии
203 _aТекст
_bвизуальный
_cнепосредственный
210 _aМосква
_cМГУ имени М. В. Ломоносова
_d2024
215 _a96 с.
_cил., табл.
_d21
300 _aНа 1-й с. авт.: А. Г. Борзенко, А. В. Гармаш, С. Ю. Ланская, кандидаты хим. наук, доценты
300 _aАвт. указаны на обороте тит. с.
606 1 _aСпектральный анализ абсорбционный
_jМетодические пособия
_91754506
_3RU\NLR\AUTH\661081743
686 1 _aГ461.313я73-1
701 1 _aБорзенко
_bА. Г.
_gАндрей Геннадьевич
701 1 _aГармаш
_bА. В.
_gАндрей Викторович
701 1 _aЛанская
_bС. Ю.
_gСветлана Юрьевна
702 1 _aПроскурнин
_bМ. А.
_gМихаил Алексеевич
_4340
712 0 2 _4570
_aМГУ им. М. В. Ломоносова
_bКафедра аналитической химии
_9361323
_3RU\NLR\AUTH\889933060
942 _cBOOK
980 _aNB